000 01138nam a22002657a 4500
001 BD-DhSAU
003 BD-DhSAU
005 20250722115454.0
008 150420b2005 bg ||||| m||| 00| 0 eng d
040 _aBD-DhSAU
082 _222
_a630.715
_bB4699
100 _aBHOWMICK, ARNAB
_eRegistration No. # 15-06540
245 _aContribution of floating vegetable cultivation on farm income of farmers /
_bMS thesis
260 _aSher-e-Bangla Agricultural Uniersity :
_bDepartment of Agricultural Extension and Information System;
_c2022.
300 _aix, 58 p. ;
_c30 cm.
500 _aMS thesis of Department of Agricultural Extension and Information System, Faculty of Agriculture, Sher-e-Bangla Agricultural University, Dhaka, Bangladesh
504 _aIncludes bibliographical reference.
590 _aNazmul
650 _afloating vegetable cultivation
651 _afarm income of farmers
700 _aProf. Dr. Muhammad Humayun Kabir
_eSuperviser
700 _aProf. Dr. Ranjan Roy
_eCo-superviser
856 _uhttp://archive.saulibrary.edu.bd:8080/xmlui/handle/123456789/5336
942 _2ddc
_cTHESIS
999 _c17493
_d17492